| 000 | 00477nam a2200193Ia 4500 | ||
|---|---|---|---|
| 005 | 20240913125628.0 | ||
| 008 | 240913s9999||||xx |||||||||||||| ||und|| | ||
| 041 | _aENGLISH | ||
| 082 | _A574.192 P8 | ||
| 100 | _aDavid L Nelson | ||
| 245 | 0 | _aPrinciples of Biochemistry | |
| 250 | _a4th | ||
| 260 |
_c2008 _bW H Freeman and Co San,Francisco |
||
| 500 | _aREFERENCE | ||
| 650 |
_aBiochemistry _bChemistry |
||
| 700 | _a Michael M Cox | ||
| 942 | _cREF | ||
| 999 |
_c245942 _d245942 |
||